| 000 | nam a22 a 4500 | ||
|---|---|---|---|
| 999 |
_c2176 _d2176 |
||
| 003 | AKMAL | ||
| 005 | 20170515145854.0 | ||
| 008 | 170515s1996 myb 00 may d | ||
| 020 |
_a9676536555 (kkt.): _cRM 17.50 |
||
| 040 |
_aAKMAL _cAKMAL |
||
| 049 | _amal | ||
| 082 | 0 | 4 | _a371.89 WEE |
| 090 |
_a371.89 _bWEE |
||
| 090 | 2 | 0 |
_a371.89 _bWEE |
| 100 | 1 |
_aWee, Eng Hoe _94576 |
|
| 245 | 1 | 0 |
_aGerak kerja kokurikulum (sukan) / _cWee Eng Hoe |
| 260 |
_aShah Alam : _bFajar Bakti, _c1996 |
||
| 300 |
_a513ms. : _bil. ; _c22cm |
||
| 440 |
_aSiri diploma perguruan _94577 |
||
| 500 | _aMengandungi indeks | ||
| 504 | _aBibliografi: ms. 507-511 | ||
| 650 |
_aStudent activities _94578 |
||
| 650 |
_aSports _94579 |
||
| 942 |
_2ddc _cBOOK |
||